• 首页
  • 本馆介绍
  • 公告通知
  • 最新文献
  • 馆藏检索
  • 电子资源
  • 读者导购
  • 参考咨询
  • 我的图书馆
  • 登录
  • 详细信息显示
  • 放入我的书架
  • 预约/预借图书
  • 作者相关作品
  • 分类相关作品
  • 丛书相关作品
  • 出版社相关作品

书目信息

  • 表格格式
  • 工作单格式
  • 卡片格式
题名:
新生活
    
 
作者: ;北京未来新世纪教育科学发展中心 编
分册: 1   学会演讲之艺
出版信息: 乌鲁木齐   新疆青少年出版社  2006
页数: 154页
开本: 20cm
丛书名:
单 册:
中图分类: Z228.2
科图分类:
主题词: 口才学 , 演讲学 , 百科全书--中国
电子资源:
ISBN: 7-5373-1466-7
000 00990nam0 2200277 45
001 012006292814
005 20070116095543.68
010    @a7-5373-1466-7@dCNY198.00(全20册)
092    @aCN@b505802
100    @a20060928d2006 em y0chiy0120 ea
101 0  @achi
102    @aCN@b650000
105    @ay z 000yy
200 1  @a新生活@9xin sheng huo@h1@i学会演讲之艺@f北京未来新世纪教育科学发展中心编
210    @a乌鲁木齐@c新疆青少年出版社@a喀什@c喀什维吾尔文出版社@d2006
215    @a154页@d20cm
330    @a本书介绍了中外著名的演讲词、名人与演讲口才、如何培养演讲口才、演讲口才的基本训练、口才从日常交谈中获得等。
461  0 @12001 @a青年新世纪必备丛书
517 1  @a学会演讲之艺@9xue hui yan jiang zhi yi
606 0  @a口才学
606 0  @a演讲学
606 0  @a百科全书@x中国
690    @aZ228.2@v4
711 02 @a北京未来新世纪教育科学发展中心@9bei jing wei lai xin shi ji jiao yu ke xue fa zhan zhong xin@4编
801  0 @aCN@bLZJBOOK@c20070116
905    @a10447@dZ228.2@e174:1
    
    新生活.1.学会演讲之艺/北京未来新世纪教育科学发展中心编.-乌鲁木齐:新疆青少年出版社;喀什:喀什维吾尔文出版社,2006
    154页;20cm
    
    
    ISBN 7-5373-1466-7:CNY198.00(全20册)
    本书介绍了中外著名的演讲词、名人与演讲口才、如何培养演讲口才、演讲口才的基本训练、口才从日常交谈中获得等。
●
相关链接 在E读中查询图书 在五车中查询图书 在当当中查询图书 在豆瓣中查询图书


正题名:新生活     索取号:Z228.2/174:1         预约/预借

序号 登录号 条形码 馆藏地/架位号 状态 备注
1 0562995   205629952   第二样本阅览室/ [索取号:Z228.2/174:1] 在馆    
2 0562996   205629961   第三借阅区/ [索取号:Z228.2/174:1] 在馆    
3 0562997   205629970   第三借阅区/ [索取号:Z228.2/174:1] 在馆    
4 0562998   205629989   第三借阅区/ [索取号:Z228.2/174:1] 在馆    
5 0562999   205629998   第三借阅区/ [索取号:Z228.2/174:1] 在馆    
6 0563000   205630003   第三借阅区/ [索取号:Z228.2/174:1] 在馆    
唐山师范学院图书馆 欢迎您!
大连网信软件有限公司© 版权所有